| 000 | 00628nam a2200205Ia 4500 | ||
|---|---|---|---|
| 001 | 15402 | ||
| 003 | GE_BSU | ||
| 008 | 181216s||||||||xx |||||||||||||| ||und|| | ||
| 040 | _cGE_BSU | ||
| 080 | _a82-93:821.353.1-32 | ||
| 100 | _aქორქია,როდიონ | ||
| 245 | _aსამშობლომ გამომგზავნა | ||
| 245 | _cრედ.დ.შენგელია | ||
| 260 | _aთბილისი | ||
| 260 | _bსაბლიტგამი | ||
| 260 | _c1944 | ||
| 300 | _a43გვ.20სმ. | ||
| 653 | _aსამშობლომ გამომგზავნა | ||
| 942 | _cBK | ||
| 999 |
_c48505 _d48505 |
||